[Event "World ol U16"]
[Site "Nakhchivan"]
[Date "2022.10.08"]
[Round "7.1"]
[White "Karimi, Setayesh"]
[Black "Aydin, Gulenay"]
[Result "0-1"]
[WhiteElo "1844"]
[BlackElo "2196"]
[PlyCount "108"]
[EventDate "2022.10.02"]
[EventType "team-swiss"]
[EventRounds "9"]
[EventCountry "AZE"]
[SourceTitle "CBM 210 Extra"]
[Source "ChessBase"]
[SourceDate "2022.11.30"]
[SourceVersion "1"]
[SourceVersionDate "2022.11.30"]
[SourceQuality "1"]
[WhiteTeam "Iran"]
[BlackTeam "Turkey Red"]
[WhiteTeamCountry "IRI"]
[BlackTeamCountry "TUR"]

1. d4 Nf6 2. c4 g6 3. Nc3 Bg7 4. e4 d6 5. f3 0-0 6. Bg5 Nc6 7. Nge2 a6 8. Qd2 Na5 9. Ng3 c5 10. d5 b5 11. b3 b4 12. Nd1 Nxe4 13. Nxe4 Bxa1 14. Bd3 f5 15. Nef2 Bf6 16. Bh6 Re8 17. 0-0 e5 18. g4 f4 19. Ne4 Be7 20. Qc2 Ra7 21. Ndf2 Rc7 22. Kg2 Nb7 23. Rh1 Bh4 24. g5 Bxf2 25. Nf6+ Kh8 26. Nxe8 Qxe8 27. Qxf2 Rf7 28. h4 Bf5 29. Qc2 Bxd3 30. Qxd3 Re7 31. Qe4 Nd8 32. Kf2 Nf7 33. h5 Nxh6 34. hxg6 Qxg6 35. Qxg6 hxg6 36. Rxh6+ Kg7 37. Rh2 a5 38. Ke1 Ra7 39. Rb2 Ra8 40. Rh2 a4 41. Rb2 Rh8 42. Kf1 Rh1+ 43. Kg2 a3 44. Re2 Rh5 45. Kf2 Rxg5 46. Re1 Rh5 47. Kg2 Kf6 48. Re2 Kf5 49. Re1 g5 50. Rg1 Rh6 51. Re1 g4 52. fxg4+ Kxg4 53. Rg1 f3+ 54. Kf2+ Kf4 0-1

[Event "IRI-ch U14 Girls"]
[Site "Chess.com INT"]
[Date "2021.01.16"]
[Round "4"]
[White "Karimi, Setayesh"]
[Black "Noorzad, Elina"]
[Result "1-0"]
[WhiteElo "1627"]
[BlackElo "1144"]
[PlyCount "153"]
[EventDate "2021.01.16"]
[EventType "swiss"]
[EventRounds "9"]
[EventCountry "IRI"]
[SourceTitle "EXT 2022"]
[Source "ChessBase"]
[SourceDate "2021.10.06"]
[SourceVersion "1"]
[SourceVersionDate "2021.10.06"]
[SourceQuality "1"]

1. d4 d5 2. c4 e6 3. Nc3 Nf6 4. cxd5 exd5 5. Bg5 Nbd7 6. e3 c6 7. Qc2 Qa5 8. Bd3 Bb4 9. Nf3 0-0 10. 0-0 Bd6 11. Rfc1 a6 12. a3 Qc7 13. Bf5 h6 14. Bh4 g5 15. Bg3 Bxg3 16. hxg3 Nb6 17. Ne5 Qe7 18. b4 Bxf5 19. Qxf5 Nbd7 20. Nxd7 Nxd7 21. Na4 Qe6 22. Qf3 b5 23. Nc5 Nxc5 24. Rxc5 f5 25. Rac1 Rac8 26. R1c3 Rf6 27. Qd1 Qe4 28. Qb3 Qe6 29. a4 f4 30. gxf4 gxf4 31. axb5 axb5 32. Qc2 fxe3 33. Rxe3 Qf5 34. Qxf5 Rxf5 35. g3 Kf7 36. Rec3 Rf6 37. Rxd5 cxd5 38. Rxc8 Ra6 39. Rc5 Ra1+ 40. Kg2 Rb1 41. Rxb5 Rd1 42. Rxd5 Rb1 43. b5 Ke6 44. Re5+ Kd6 45. Rh5 Kc7 46. Rxh6 Rxb5 47. Kf3 Kd7 48. Ke4 Ke7 49. f4 Kf7 50. g4 Rb1 51. Rh3 Re1+ 52. Re3 Rg1 53. Kf5 Ra1 54. d5 Ra5 55. Re5 Ra6 56. Re6 Ra5 57. Ke5 Ra1 58. f5 Re1+ 59. Kd6 Ra1 60. g5 Ra6+ 61. Ke5 Ra1 62. g6+ Kg7 63. Re7+ Kf8 64. Kf6 Ra6+ 65. Re6 Ra7 66. g7+ Rxg7 67. Re8+ Kxe8 68. Kxg7 Ke7 69. f6+ Ke8 70. f7+ Ke7 71. f8Q+ Kd7 72. Qf6 Kc7 73. Qc6+ Kb8 74. d6 Ka7 75. d7 Kb8 76. d8R+ Ka7 77. Ra8# 1-0